000 00398nab a2200133Ia 4500
003 ES-SlBCS
005 20210601125225.0
008 140529s1969 xxu||||| |||| 00| 0 eng d
041 _aeng
100 1 _aMartin, Robert L.
_9155591
245 0 0 _aDrange on Type Crossings
_c Robert L. Martin
773 0 _tPhilosophy and Phenomenological Research
_gvol. 30, 1969, págs. 126-135
_wRev1411
942 _cAR
999 _c526781
_d526781